00270nam a2200097Ia 4500008004100000100001700041245005300058260004200111300000700153650001200160190216s9999||||xx |||||||||||||| ||und|| aSivadasn C.P 0aModern Prose For Colleges(Pre Degree Ii Nd Year) bCalicut University Publicationsc1993 a60 aEnglish